| 000 | 00411nam a22001337a 4500 | ||
|---|---|---|---|
| 003 | SGT | ||
| 082 |
_a617.63 _bC15S |
||
| 100 | _aSOOD, AMWANI | ||
| 245 | _aCOMPARATIVE EVALUATION OF DIAGNOSTIC EFFICACIES OF CHEMILUMINESCENCE AND LUGOL'S LODINE IN ORAL POTENTIALLY MALIGNANT DISORDERS | ||
| 260 |
_aDELHI NCR _bSGT UNIVERSITY GURUGRAM _c2015 |
||
| 300 | _a1-114 | ||
| 650 | _aORAL MEDICINE | ||
| 942 |
_2ddc _cTH |
||
| 999 |
_c16010 _d16010 |
||